[Event "NATO Chess Championship 2010"]
[Site "Koge"]
[Date "2010.10.21"]
[Round "5.25"]
[White "Voroblievas, Arturas"]
[Black "Ledoux, Jean Luc"]
[Result "0-1"]
[WhiteElo "1859"]
[BlackElo "2084"]
[PlyCount "124"]
[EventDate "2010.10.??"]
[EventType "swiss"]
[EventRounds "7"]
[EventCountry "DEN"]
[WhiteTeam "LTU"]
[BlackTeam "FRA"]

1. e4 c6 2. d4 d5 3. Nc3 dxe4 4. Nxe4 Bf5 5. Ng3 Bg6 6. h4 h6 7. Nf3 Nd7 8. h5
Bh7 9. Bd3 Bxd3 10. Qxd3 e6 11. Bf4 Qa5+ 12. Bd2 Qc7 13. O-O-O Ngf6 14. c4
O-O-O 15. Ne4 Nc5 16. Nxc5 Bxc5 17. g3 Ng4 18. Rhf1 Ne5 19. Nxe5 Qxe5 20. Be3
Qxh5 21. Qc3 Bb6 22. c5 Bc7 23. Rd3 Qd5 24. Qb4 b5 25. cxb6 axb6 26. Rfd1 Kb7
27. Qe7 Rd7 28. Qb4 Bd6 29. Qd2 Qxa2 30. Qc2 Bb4 31. Qe2 Ra8 32. Kc2 Qc4+ 33.
Kb1 Qd5 34. Rc1 Ra4 35. Qd1 Qa5 36. Rb3 Ra1+ 37. Kc2 Qf5+ 38. Rd3 Ra5 39. Ra1
Rdd5 40. g4 Rxa1 41. Qxa1 Qxg4 42. Qa4 Qe2+ 43. Bd2 Bxd2 44. Rxd2 Qb5 45. Qa3
Qc4+ 46. Kb1 c5 47. Qf3 f5 48. dxc5 Qe4+ 49. Qxe4 fxe4 50. Re2 bxc5 51. Rxe4 e5
52. f4 exf4 53. Rxf4 Kc6 54. Rf7 g5 55. Rh7 Rd6 56. Rg7 Kd5 57. Kc2 Ke4 58. Rc7
Kd4 59. Kd2 Kc4+ 60. Kc2 Rf6 61. b3+ Kd4 62. Rd7+ Ke5 0-1

[Event "NATO Chess Championship 2010"]
[Site "Koge"]
[Date "2010.10.21"]
[Round "5.26"]
[White "Nilsson, Erik"]
[Black "Steffers, Hendrik"]
[Result "1/2-1/2"]
[WhiteElo "2149"]
[BlackElo "1960"]
[PlyCount "28"]
[EventDate "2010.10.??"]
[EventType "swiss"]
[EventRounds "7"]
[EventCountry "DEN"]

1. d4 d5 2. c4 c6 3. Nf3 Nf6 4. Qc2 e6 5. cxd5 exd5 6. Bg5 Be7 7. Nc3 Be6 8. e3
Nbd7 9. Bd3 h6 10. Bf4 Rc8 11. h3 a6 12. O-O O-O 13. Rad1 b5 14. a3 c5 1/2-1/2

[Event "NATO Chess Championship 2010"]
[Site "Koge"]
[Date "2010.10.21"]
[Round "5.27"]
[White "Christen, Pierre"]
[Black "Marti, Gyorgy"]
[Result "1/2-1/2"]
[WhiteElo "2007"]
[BlackElo "2225"]
[PlyCount "73"]
[EventDate "2010.10.??"]
[EventType "swiss"]
[EventRounds "7"]
[EventCountry "DEN"]
[WhiteTeam "LUX"]
[BlackTeam "HUN"]

1. Nf3 f5 2. c4 g6 3. Nc3 Nf6 4. b4 Bg7 5. Bb2 d6 6. g3 e5 7. d3 c6 8. Bg2 O-O
9. O-O h6 10. c5 Be6 11. Qc2 Qc7 12. Na4 Nfd7 13. cxd6 Qxd6 14. Nc5 Bd5 15. Nd2
b6 16. Nc4 Qe7 17. Nb3 Bxg2 18. Kxg2 c5 19. bxc5 Nxc5 20. Nxc5 Qxc5 21. Kg1 Rc8
22. Qb3 Qd5 23. Rac1 Nd7 24. Nd6 Qxb3 25. axb3 Rc5 26. b4 Rxc1 27. Rxc1 Bf8 28.
Rc7 Bxd6 29. Rxd7 Bxb4 30. Bxe5 Bf8 31. Rb7 Re8 32. d4 Re7 33. Rb8 Kf7 34. Bd6
Re8 35. Rb7+ Ke6 36. Bxf8 Rxf8 37. Rxa7 1/2-1/2

[Event "NATO Chess Championship 2010"]
[Site "Koge"]
[Date "2010.10.21"]
[Round "5.28"]
[White "Kaygisiz, Ozgur Can"]
[Black "Van Run, Rieke"]
[Result "0-1"]
[WhiteElo "1892"]
[BlackElo "2120"]
[PlyCount "78"]
[EventDate "2010.10.??"]
[EventType "swiss"]
[EventRounds "7"]
[EventCountry "DEN"]
[WhiteTeam "TUR"]
[BlackTeam "NED"]

1. e4 e5 2. Nf3 Nc6 3. Bc4 Bc5 4. c3 d6 5. d4 exd4 6. cxd4 Bb6 7. h3 h6 8. O-O
Nf6 9. Nc3 O-O 10. a3 Nxe4 11. Nd5 Nf6 12. Nxb6 axb6 13. d5 Ne7 14. b4 Bf5 15.
Bb2 Ng6 16. Re1 Re8 17. Rxe8+ Qxe8 18. Bxf6 gxf6 19. Qd2 Kg7 20. g4 Bd7 21. Nd4
Ne5 22. Bb3 c5 23. dxc6 bxc6 24. Bd1 d5 25. Be2 c5 26. bxc5 bxc5 27. Nf3 Ng6
28. Bd3 Bc6 29. Rc1 c4 30. Nd4 Bd7 31. Bf5 Nh4 32. Rc3 Rb8 33. Qf4 Qe1+ 34. Kh2
Qxc3 35. Bxd7 Rb1 36. Be8 Qxd4 37. Qxd4 Nf3+ 38. Kg3 Nxd4 39. a4 c3 0-1

[Event "NATO Chess Championship 2010"]
[Site "Koge"]
[Date "2010.10.21"]
[Round "5.29"]
[White "Narman, Gokhan"]
[Black "Rockhill, Nathaniel"]
[Result "0-1"]
[WhiteElo "2065"]
[BlackElo "1951"]
[PlyCount "98"]
[EventDate "2010.10.??"]
[EventType "swiss"]
[EventRounds "7"]
[EventCountry "DEN"]
[WhiteTeam "TUR"]
[BlackTeam "USA"]
[BlackTeamCountry "USA"]

1. d4 Nc6 2. Nf3 d5 3. c4 Bg4 4. Nc3 Nf6 5. Ne5 dxc4 6. Nxg4 Nxg4 7. e3 Nf6 8.
Bxc4 e6 9. a3 Be7 10. O-O O-O 11. Qf3 a6 12. Rd1 Ne8 13. Ba2 Nd6 14. d5 exd5
15. Nxd5 Ne5 16. Qh5 Ng6 17. Bd2 Bf6 18. Nxf6+ Qxf6 19. Bc3 Qh4 20. Qxh4 Nxh4
21. f3 Ndf5 22. Re1 Rad8 23. Kf2 Rfe8 24. g3 Ng6 25. e4 Nd4 26. Red1 Nb5 27.
Bb4 Ne5 28. Ke3 Nc6 29. Be1 Nbd4 30. Rd2 Kf8 31. Bd5 Rxd5 32. Kf2 Rh5 33. h4
Rb5 34. Rb1 Rb3 35. Kg2 Nxf3 36. Rf2 Nxe1+ 37. Rxe1 f6 38. Rfe2 Ne5 39. Rd1 Rd3
40. Rc1 Re7 41. a4 Red7 42. Kf2 Rd2 43. Rc3 Nd3+ 44. Ke3 Rxe2+ 45. Kxe2 Nxb2
46. Rb3 Nxa4 47. Rxb7 Re7 48. Kf3 Nc5 49. Rb4 Rxe4 0-1

[Event "NATO Chess Championship 2010"]
[Site "Koge"]
[Date "2010.10.21"]
[Round "5.30"]
[White "Lustig, Mickael"]
[Black "Bublys, Vaidotas"]
[Result "1-0"]
[WhiteElo "2027"]
[BlackElo "1930"]
[PlyCount "65"]
[EventDate "2010.10.??"]
[EventType "swiss"]
[EventRounds "7"]
[EventCountry "DEN"]
[BlackTeamCountry "USA"]

1. e4 e5 2. Nf3 Nc6 3. Bb5 a6 4. Ba4 Nf6 5. Qe2 b5 6. Bb3 Bc5 7. a4 b4 8. Bxf7+
Kxf7 9. Qc4+ Kf8 10. Qxc5+ Qe7 11. Qxe7+ Kxe7 12. O-O d6 13. d3 Bg4 14. Nbd2
Nh5 15. h3 Be6 16. Nc4 h6 17. Bd2 Rhf8 18. Nh4 Rf6 19. g4 Nf4 20. Bxf4 exf4 21.
Nd2 Rf7 22. c3 bxc3 23. bxc3 Ne5 24. d4 Nc4 25. Nxc4 Bxc4 26. Rfb1 Kd7 27. Rb7
Re8 28. f3 d5 29. e5 Bd3 30. Ng2 Re6 31. Ne1 Rb6 32. Rxb6 cxb6 33. Nxd3 1-0

[Event "NATO Chess Championship 2010"]
[Site "Koge"]
[Date "2010.10.21"]
[Round "5.31"]
[White "Demjen, Attila"]
[Black "Kruit, Erik"]
[Result "1-0"]
[WhiteElo "2026"]
[BlackElo "1887"]
[PlyCount "75"]
[EventDate "2010.10.??"]
[EventType "swiss"]
[EventRounds "7"]
[EventCountry "DEN"]
[WhiteTeam "HUN"]
[BlackTeam "NED"]

1. e4 e5 2. Nf3 Nf6 3. Nc3 Bb4 4. d3 Nc6 5. Bd2 d5 6. exd5 Nxd5 7. Nxd5 Qxd5 8.
Bxb4 Nxb4 9. c3 Nc6 10. Be2 h6 11. Qa4 Bd7 12. Qb3 Qxb3 13. axb3 O-O 14. O-O
Rad8 15. b4 a6 16. Rfd1 Be6 17. Ne1 Bb3 18. Rdc1 Bd5 19. Nc2 Ne7 20. Ne3 Bc6
21. Nc4 Ng6 22. Na5 Nf4 23. Bf1 Rd6 24. Nxc6 Rxc6 25. g3 Ne6 26. Bg2 Rb6 27.
Re1 Rb5 28. Ra5 Rxa5 29. bxa5 Nc5 30. b4 Nxd3 31. Re3 Rd8 32. Bxb7 f5 33. Bxa6
e4 34. Kf1 Ne5 35. Re2 Nc6 36. f3 Re8 37. Bb5 Re6 38. Bc4 1-0

[Event "NATO Chess Championship 2010"]
[Site "Koge"]
[Date "2010.10.21"]
[Round "5.32"]
[White "Kuzminaite, Ieva"]
[Black "Lefevre, Stephen"]
[Result "1/2-1/2"]
[WhiteElo "2016"]
[BlackElo "1833"]
[PlyCount "48"]
[EventDate "2010.10.??"]
[EventType "swiss"]
[EventRounds "7"]
[EventCountry "DEN"]
[WhiteTeam "LTU"]
[BlackTeam "NATO"]

1. d4 d5 2. g3 c6 3. Bg2 Bf5 4. Nf3 Nf6 5. O-O e6 6. Nbd2 Bd6 7. c4 Nbd7 8. b3
h6 9. Bb2 O-O 10. h3 Qb8 11. Qe1 Ne4 12. Nxe4 Bxe4 13. Nd2 Bxg2 14. Kxg2 e5 15.
cxd5 cxd5 16. dxe5 Bxe5 17. Bxe5 Qxe5 18. Nf3 Qe4 19. Qd2 Rac8 20. Qd4 Qxd4 21.
Nxd4 Rc5 22. Rac1 Rfc8 23. Rxc5 Rxc5 24. Rd1 Nf6 1/2-1/2

[Event "NATO Chess Championship 2010"]
[Site "Koge"]
[Date "2010.10.21"]
[Round "5.33"]
[White "Daler, Neset"]
[Black "Bellemare, Regis"]
[Result "1-0"]
[WhiteElo "2013"]
[BlackElo "1637"]
[PlyCount "73"]
[EventDate "2010.10.??"]
[EventType "swiss"]
[EventRounds "7"]
[EventCountry "DEN"]
[WhiteTeam "TUR"]
[BlackTeam "CAN"]

1. e4 c5 2. Nf3 Nc6 3. c4 g6 4. d4 cxd4 5. Nxd4 Bg7 6. Be3 d6 7. Be2 Nf6 8. Nc3
O-O 9. O-O Nxd4 10. Bxd4 b6 11. Qd2 Bb7 12. f3 Ba6 13. Rac1 Rc8 14. b3 Qd7 15.
Rfd1 Rfd8 16. Be3 Qb7 17. Bh6 Rd7 18. Bxg7 Kxg7 19. Qb2 Kg8 20. a4 Qc6 21. Kh1
Rcd8 22. b4 Qc8 23. Nd5 Nh5 24. f4 Ng7 25. b5 Bb7 26. Bg4 Ne6 27. f5 gxf5 28.
exf5 Bxd5 29. cxd5 Nc5 30. f6 Qb7 31. Bxd7 Qxd7 32. Rc4 exf6 33. Qxf6 Re8 34.
Qg5+ Kh8 35. Rg4 Qxg4 36. Qxg4 Nd3 37. Kg1 1-0

[Event "NATO Chess Championship 2010"]
[Site "Koge"]
[Date "2010.10.21"]
[Round "5.34"]
[White "De Cat, Ben"]
[Black "Stone, Stephen"]
[Result "1-0"]
[WhiteElo "1927"]
[BlackElo "1600"]
[PlyCount "53"]
[EventDate "2010.10.??"]
[EventType "swiss"]
[EventRounds "7"]
[EventCountry "DEN"]
[WhiteTeam "BEL"]
[BlackTeam "CAN"]

1. b4 {[%emt 0:00:00]} Nf6 2. Bb2 e6 3. b5 a6 4. a4 axb5 5. axb5 Rxa1 6. Bxa1
d5 7. e3 c6 8. c4 Nbd7 9. Nf3 Qa5 10. Nc3 Bb4 11. Nd4 cxb5 12. cxd5 Bxc3 13.
Bxc3 b4 14. Nb3 Qxd5 15. Bxb4 b6 16. Nd4 Nc5 17. Nb5 Kd8 18. d4 Nb7 19. Qc2 Ne8
20. e4 Qg5 21. h4 Qf6 22. Qc6 e5 23. Qd5+ Bd7 24. Qxb7 Bxb5 25. Qb8+ Kd7 26.
Bxb5+ Ke6 27. d5# 1-0

[Event "NATO Chess Championship 2010"]
[Site "Koge"]
[Date "2010.10.21"]
[Round "5.36"]
[White "Murray, Brian"]
[Black "Morrison, Munroe"]
[Result "1/2-1/2"]
[WhiteElo "1466"]
[BlackElo "1861"]
[PlyCount "122"]
[EventDate "2010.10.??"]
[EventType "swiss"]
[EventRounds "7"]
[EventCountry "DEN"]
[WhiteTeam "CAN"]
[BlackTeam "UK"]

1. e4 d6 2. Bb5+ c6 3. Ba4 Nf6 4. d3 e5 5. Ne2 a5 6. c3 Be7 7. O-O b5 8. Bc2
Nbd7 9. a3 Bb7 10. b4 Qc7 11. Bb3 c5 12. Nd2 Nb6 13. Qc2 a4 14. Ba2 O-O 15. Bb2
d5 16. Ng3 c4 17. Rfe1 Rad8 18. dxc4 dxc4 19. Bb1 Qc6 20. Nf3 Qe6 21. Nf5 Nh5
22. Bc1 Nc8 23. Qe2 Qg6 24. Nxe5 Qe6 25. Qxh5 g6 26. Nxe7+ Nxe7 27. Nxg6 fxg6
28. Qxb5 Bc6 29. Qc5 Rc8 30. Bh6 Rf7 31. Ba2 Bxe4 32. Qd4 Nf5 33. Bxc4 Nxd4 34.
Bxe6 Nxe6 35. Rxe4 Rc6 36. c4 g5 37. b5 Rb6 38. Rb1 Rf6 39. Bxg5 Nxg5 40. Re8+
Kf7 41. Re5 Ne6 42. c5 Rb8 43. c6 Rb6 44. g4 Nc7 45. h4 Rfxc6 46. Rf5+ Rf6 47.
Rb4 Rxf5 48. gxf5 Rxb5 49. Rxa4 Kf6 50. Rg4 Rxf5 51. Kg2 Nd5 52. Kg3 Ke5 53. a4
Rf4 54. a5 Rxg4+ 55. Kxg4 Nc7 56. f4+ Kf6 57. h5 Na6 58. Kf3 Kf5 59. Kg3 h6 60.
Kf3 Nc5 61. Kg3 Ke4 1/2-1/2

[Event "NATO Chess Championship 2010"]
[Site "Koge"]
[Date "2010.10.21"]
[Round "5.37"]
[White "Ross, David C"]
[Black "Geerts, Luc"]
[Result "0-1"]
[WhiteElo "1800"]
[BlackElo "1514"]
[PlyCount "62"]
[EventDate "2010.10.??"]
[EventRounds "7"]
[EventCountry "DEN"]
[WhiteTeam "UK"]
[BlackTeam "BEL"]

1. e4 e5 2. Nf3 Nc6 3. Bc4 Be7 4. O-O Nf6 5. c3 d6 6. h3 Nxe4 7. Bd5 Nf6 8.
Bxc6+ bxc6 9. d4 e4 10. Nh2 d5 11. f3 exf3 12. Qxf3 O-O 13. Bf4 Ne4 14. Ng4
Bxg4 15. Qxg4 Rb8 16. Nd2 f5 17. Qd1 Rxb2 18. Nxe4 fxe4 19. Qg4 Qe8 20. Be5 Qg6
21. Rxf8+ Bxf8 22. Qxg6 hxg6 23. Bxc7 Rc2 24. Ba5 Bd6 25. a4 Bg3 26. Rf1 e3 27.
c4 Bf2+ 28. Kh2 dxc4 29. Be1 Rc1 30. Bxf2 Rxf1 31. Bxe3 c3 0-1

[Event "NATO Chess Championship 2010"]
[Site "Koge"]
[Date "2010.10.21"]
[Round "5.38"]
[White "Ghiacy, Jelani"]
[Black "Stuhr, Finn"]
[Result "0-1"]
[WhiteElo "1517"]
[BlackElo "1692"]
[PlyCount "58"]
[EventDate "2010.10.??"]
[EventType "swiss"]
[EventRounds "7"]
[EventCountry "DEN"]
[WhiteTeam "CAN"]
[BlackTeam "NATO"]

1. e4 e5 2. Bc4 Nf6 3. d3 d6 4. h3 Nc6 5. Nf3 Na5 6. Bb3 Nxb3 7. cxb3 b6 8. Nc3
Be7 9. a3 Bb7 10. b4 Nh5 11. Nd5 Bxd5 12. exd5 Nf6 13. Qb3 Qd7 14. O-O Qb5 15.
Qc2 Nxd5 16. Ng5 O-O 17. d4 Bxg5 18. Bxg5 exd4 19. Rad1 c5 20. bxc5 dxc5 21.
Rd3 Qc6 22. Rg3 Rfe8 23. Qd2 Ne7 24. h4 Nf5 25. Rg4 Re4 26. Bf4 Rae8 27. Qc1 h5
28. Rg5 Nxh4 29. Rxh5 Re1 0-1

[Event "NATO Chess Championship 2010"]
[Site "Koge"]
[Date "2010.10.21"]
[Round "5.40"]
[White "Kacevicius, Dangiras"]
[Black "Galloway, James"]
[Result "0-1"]
[WhiteElo "1730"]
[BlackElo "1624"]
[PlyCount "72"]
[EventDate "2010.10.??"]
[EventType "swiss"]
[EventRounds "7"]
[EventCountry "DEN"]
[WhiteTeam "LTU"]
[BlackTeam "NATO"]

1. d4 d5 2. Nf3 Nf6 3. e3 Bg4 4. c4 e6 5. Nc3 c6 6. cxd5 exd5 7. a3 Bd6 8. h3
Bh5 9. Be2 O-O 10. Qc2 Re8 11. Nh4 Ne4 12. Nxe4 dxe4 13. Nf5 Qa5+ 14. Bd2 Qxf5
15. g4 Bxg4 16. hxg4 Qg6 17. O-O-O Nd7 18. Bc3 c5 19. d5 a6 20. Rh5 b5 21. Rdh1
b4 22. Bd2 bxa3 23. bxa3 Nf6 24. R5h4 c4 25. f4 Bxa3+ 26. Kd1 Rab8 27. f5 Qg5
28. Rh5 Nxh5 29. Rxh5 Qd8 30. Bxc4 a5 31. Qa2 Qd6 32. Be1 Rb2 33. Qa1 Reb8 34.
Ba2 Qc5 35. Bg3 Qc2+ 36. Ke1 Qe2# 0-1